Kraje Polski - Statystyki

Ogólne statystyki
  • Ten quiz został rozwiązany 410 razy
  • Średni wynik to 9 z 11
Statystyki odpowiedzi
Polska % Poprawnych
Niemcy
94%
Rosja
92%
Ukraina
92%
Litwa
91%
Czechy
89%
Słowacja
88%
Białoruś
85%
Łotwa
82%
Estonia
72%
Rumunia
52%
Mołdawia
50%
Nie znaleziono quizów pasujących do podanych kryteriów
Rozkład punktacji
Procent ludzi z każdym wynikiem
Percentyl według liczby udzielonych odpowiedzi
Twoja historia wyników
Nie rozwiązałeś tego quizu